000 00632nam a2200217Ii 4500
003 JO-AjNU
008 230606s9999||||xx |||||||||||||| ||und||
020 _a978-81-265-3859-1
040 _aJO-AjNU
_beng
_erda
_cJO-AjNU
041 _aeng
050 1 4 _aTA658.44.2013
100 3 _aHosur, Vinod,
_eauthor
_93877
245 0 0 _aEarthquake-Resistant Design of Building Structures
250 _a1 ed
264 3 1 _aWILLY,2013
300 _a274p
336 _atext
_btxt
_2rdacontent
337 _aunmediated
_bn
_2rdamedia
338 _avolume
_bnc
_2rdacarrier
650 4 _aEarthquake-Resistant Design of Building Structures
_93878
999 _aE2022
_c2021
_d2021